Total War: Warhammer 3: Lores of Magic - Statistics

General Stats
  • This quiz has been taken 80 times
    21 since last reset
  • The average score is 18 of 33
Answer Stats
Answer % Correct
Fire
100%
Death
93%
Light
93%
Life
86%
Metal
86%
Beasts
79%
Dark Magic
71%
Heavens
71%
High Magic
64%
Ice
64%
Nurgle
57%
Shadows
57%
Slaanesh
57%
Tempest
57%
Runic Magic
50%
Tzeentch
50%
Vampires
50%
Yang
50%
Yin
50%
Big Waaagh
43%
Deliverance of Itza
43%
Hashut
43%
Little Waaagh
43%
Nehekara
43%
Plague
43%
Ruin
43%
Deep
36%
Great Maw
36%
Hag
29%
Mists
21%
Stealth
21%
Wild
21%
Cataclysm
14%
No matching quizzes found
Score Distribution
Percent of People with Each Score
Percentile by Number Answered
Your Score History
You have not taken this quiz since the last reset